000 00639cam a22002171i 4500
001 sa 68016695
003 DLC
005 20260227112656.0
008 830412s1965 io a 000 1 ind
010 _asa 68016695
035 _a(OCoLC)9399718
040 _aDLC
_cOAU
_dDLC
042 _apremarc
050 0 0 _aPL5088
_b.J3 1965
100 1 _aJassin, H. B.,
_d1917-2000.
245 1 0 _aAnalisa ;
_bsorotan tjerita pendek /
_cH. B. Jassin.
260 _aDjakarta :
_bGunung Agung,
_c1965.
300 _a182 p. :
_bill. ;
_c22 cm.
500 _aIncludes short stories, previously published in Kisah.
650 0 _aShort stories, Indonesian.
999 _c87253
_d87253